[Event "9th Tournament of Peace"]
[Site "Zagreb CRO"]
[Date "2023.11.22"]
[Round "1.1"]
[White "Cheparinov, Ivan"]
[Black "Stevic, Hrvoje"]
[Result "1/2-1/2"]
[WhiteElo "2649"]
[BlackElo "2549"]
[EventDate "2023.11.22"]
[PlyCount "61"]

1.c4 e5 2.g3 Nc6 3.Bg2 g6 4.Nc3 Bg7 5.e3 d6 6.d3 Nge7 7.Nge2 O-O 8.O-O Rb8
9.Rb1 a6 10.b4 b5 11.cxb5 axb5 12.a4 Na7 13.d4 exd4 14.Nxd4 Bd7 15.Ncxb5 
Nxb5 16.axb5 Bxb5 17.Nxb5 Rxb5 18.Qd3 Qb8 19.Bd2 d5 20.Rbc1 c6 21.Rc2 Rd8 
22.Rfc1 h5 23.Bf1 Rb7 24.Ra2 Be5 25.Ra4 Bd6 26.Qa3 c5 27.bxc5 Rb3 28.Qa2 
Rb2 29.Qa3 Rb3 30.Qa2 Rb2 31.Qa3 1/2-1/2

[Event "9th Tournament of Peace"]
[Site "Zagreb CRO"]
[Date "2023.11.22"]
[Round "1.2"]
[White "Sokolov, Ivan"]
[Black "Zelcic, Robert"]
[Result "1/2-1/2"]
[WhiteElo "2588"]
[BlackElo "2478"]
[EventDate "2023.11.22"]
[PlyCount "101"]

1.d4 Nf6 2.c4 e6 3.Nc3 Bb4 4.e3 c5 5.a3 Bxc3+ 6.bxc3 O-O 7.Bd3 Nc6 8.Rb1 
b6 9.e4 d6 10.Ne2 h6 11.Be3 Ng4 12.Bd2 Qh4 13.g3 Qf6 14.O-O Qf3 15.Nc1 
Qxd1 16.Rxd1 cxd4 17.cxd4 Nxd4 18.Bc3 Ne5 19.f4 Nxd3 20.Rxd3 e5 21.Bxd4 
exd4 22.Rxd4 f5 23.Kf2 fxe4 24.Ke3 Be6 25.Ne2 Rfc8 26.Rc1 b5 27.cxb5 Rxc1 
28.Nxc1 d5 29.Ne2 Rc8 30.Kd2 Rc5 31.Rb4 Kf7 32.Nd4 Bd7 33.a4 Ke7 34.a5 Kd8
35.f5 Kc7 36.g4 Kd6 37.b6 axb6 38.axb6 Rc8 39.Rb2 Rb8 40.Ke3 Rb7 41.h4 h5 
42.gxh5 Ke5 43.Rg2 Be8 44.Rg5 Kf6 45.Ne6 Rxb6 46.Nxg7 Bf7 47.h6 Rb8 48.
Nh5+ Bxh5 49.Rxh5 Ke5 50.f6+ Kxf6 51.Rxd5 1/2-1/2

[Event "9th Tournament of Peace"]
[Site "Zagreb CRO"]
[Date "2023.11.22"]
[Round "1.3"]
[White "Brkic, Ante"]
[Black "Kozul, Zdenko"]
[Result "1/2-1/2"]
[WhiteElo "2622"]
[BlackElo "2531"]
[EventDate "2023.11.22"]
[PlyCount "153"]

1.e4 c5 2.Nf3 d6 3.d4 cxd4 4.Nxd4 Nf6 5.Nc3 Nc6 6.Bg5 e6 7.Bb5 Qb6 8.Bxf6 
gxf6 9.O-O a6 10.Ba4 Bd7 11.Nxc6 bxc6 12.Bb3 h5 13.Na4 Qa7 14.c4 c5 15.Nc3
h4 16.Ba4 h3 17.g3 O-O-O 18.Rb1 Bg7 19.b4 f5 20.bxc5 dxc5 21.Qf3 Qa8 22.
Rfe1 Bxc3 23.Bxd7+ Rxd7 24.Qxc3 Rhd8 25.Qa5 fxe4 26.Rb5 Rc7 27.Rxc5 Qb7 
28.Rxc7+ Qxc7 29.Qxa6+ Qb7 30.Qa5 Qc6 31.Rb1 Rd7 32.Qe5 Rd6 33.Qh8+ Kd7 
34.Qxh3 e3 35.fxe3 Rd2 36.Qf1 Ke7 37.a3 Qe4 38.Re1 Ra2 39.Re2 Rxa3 40.Qf4 
Ra1+ 41.Kf2 Qh1 42.Qh4+ Kf8 43.Qh8+ Ke7 44.Qh4+ Kf8 45.Qh3 Qg1+ 46.Kf3 
Rf1+ 47.Kg4 Rc1 48.Qh8+ Ke7 49.Qh4+ Ke8 50.Qf6 Qd1 51.Qf3 Rxc4+ 52.Kh3 f5 
53.Kg2 Rc1 54.Rf2 Qh1+ 55.Kh3 Qxf3 56.Rxf3 Kf7 57.e4 Kg6 58.g4 fxg4+ 59.
Kxg4 Re1 60.Kf4 Kf6 61.Rf2 e5+ 62.Kf3 Kg5 63.Rg2+ Kh5 64.Rg8 Rf1+ 65.Ke2 
Ra1 66.Kd2 Ra3 67.Re8 Kg6 68.Rxe5 Rh3 69.Rf5 Rxh2+ 70.Ke3 Ra2 71.Rf8 Ra3+ 
72.Kf4 Ra5 73.e5 Ra4+ 74.Ke3 Kg7 75.Rf4 Rxf4 76.Kxf4 Kf7 77.Kf5 1/2-1/2

[Event "9th Tournament of Peace"]
[Site "Zagreb CRO"]
[Date "2023.11.22"]
[Round "1.4"]
[White "Korobov, Anton"]
[Black "Ivanchuk, Vasyl"]
[Result "1/2-1/2"]
[WhiteElo "2667"]
[BlackElo "2653"]
[EventDate "2023.11.22"]
[PlyCount "82"]

1.d4 Nf6 2.c4 e6 3.Nf3 d5 4.Nc3 c5 5.e3 Nc6 6.cxd5 exd5 7.Bb5 Bd6 8.dxc5 
Bxc5 9.O-O O-O 10.b3 a6 11.Bxc6 bxc6 12.Bb2 Bd6 13.Rc1 Bg4 14.Ne2 Bxf3 15.
gxf3 Rc8 16.Qd3 Nd7 17.Rfd1 Be5 18.Ba3 Re8 19.f4 Bf6 20.Qxa6 Ra8 21.Qxc6 
Rxa3 22.Rxd5 Ra7 23.a4 Qe7 24.Ng3 Nf8 25.Nf5 Qa3 26.Qxe8 Qxc1+ 27.Kg2 g6 
28.Nd6 Bh4 29.Nc4 Qe1 30.Rd2 Rc7 31.Rb2 Bf6 32.Rc2 Qd1 33.Qe4 Ne6 34.h3 
Re7 35.Ne5 Bxe5 36.Rc8+ Nf8 37.fxe5 Qxb3 38.a5 Kg7 39.a6 Ne6 40.Qf3 Ra7 
41.Qf6+ Kh6 1/2-1/2

[Event "9th Tournament of Peace"]
[Site "Zagreb CRO"]
[Date "2023.11.22"]
[Round "1.5"]
[White "Motylev, Alexander"]
[Black "Niemann, Hans Moke"]
[Result "0-1"]
[WhiteElo "2619"]
[BlackElo "2659"]
[EventDate "2023.11.22"]
[PlyCount "100"]

1.e4 e6 2.d4 d5 3.e5 c5 4.c3 Nc6 5.Nf3 Bd7 6.Be2 Nge7 7.O-O Nf5 8.dxc5 a5 
9.Bd3 Bxc5 10.Bxf5 exf5 11.Qxd5 Qb6 12.Qb3 Be6 13.Qxb6 Bxb6 14.Na3 O-O 15.
Re1 a4 16.Nc2 Ra5 17.a3 Rb5 18.Nb4 Na5 19.Be3 Bc7 20.Rad1 Nc4 21.Bc1 h6 
22.Nd3 Rd8 23.Nd4 Rbd5 24.Kf1 Bxe5 25.Nb4 R5d6 26.Nbc2 g5 27.h4 gxh4 28.
Ke2 Bd7 29.f4 Bf6 30.Ne3 Re8 31.Kf3 Nxe3 32.Bxe3 Bxd4 33.Bxd4 Bc6+ 34.Kf2 
Rxe1 35.Rxe1 Rg6 36.Rg1 Rg4 37.Be3 b5 38.Bd2 Be4 39.Be3 Kf8 40.Bc5+ Ke8 
41.Be3 h5 42.Bc1 Ke7 43.Be3 Ke6 44.c4 bxc4 45.Bd2 Kd5 46.Be3 c3 47.bxc3 
Kc4 48.Bc1 Kxc3 49.Be3 Kb3 50.Bc1 Rg8 0-1

[Event "9th Tournament of Peace"]
[Site "Zagreb CRO"]
[Date "2023.11.23"]
[Round "2.1"]
[White "Stevic, Hrvoje"]
[Black "Niemann, Hans Moke"]
[Result "1/2-1/2"]
[WhiteElo "2549"]
[BlackElo "2659"]
[EventDate "2023.11.22"]
[PlyCount "68"]

1.e4 c6 2.Nf3 d5 3.d3 g6 4.Nbd2 Bg7 5.g3 e5 6.Bg2 Ne7 7.O-O O-O 8.c3 a5 9.
a4 Na6 10.d4 exd4 11.Nxd4 Nc5 12.exd5 Nxd5 13.N2b3 Nd7 14.h3 Re8 15.Re1 
Ne5 16.Nc5 h6 17.Nd3 Nxd3 18.Rxe8+ Qxe8 19.Qxd3 Qe1+ 20.Qf1 Qxf1+ 21.Kxf1 
g5 22.Bxd5 cxd5 23.g4 Bxd4 24.cxd4 b6 25.Bd2 Ba6+ 26.Kg2 Rc8 27.Rc1 Rxc1 
28.Bxc1 Bc4 29.h4 f6 30.hxg5 hxg5 31.f4 gxf4 32.Bxf4 b5 33.axb5 Bxb5 34.g5
fxg5 1/2-1/2

[Event "9th Tournament of Peace"]
[Site "Zagreb CRO"]
[Date "2023.11.23"]
[Round "2.2"]
[White "Ivanchuk, Vasyl"]
[Black "Motylev, Alexander"]
[Result "1/2-1/2"]
[WhiteElo "2653"]
[BlackElo "2619"]
[EventDate "2023.11.22"]
[PlyCount "33"]

1.c4 c6 2.Nf3 d5 3.d4 Nf6 4.Nc3 e6 5.e3 Nbd7 6.Be2 Bd6 7.O-O O-O 8.a4 Re8 
9.b3 b6 10.cxd5 exd5 11.Ba3 Bxa3 12.Rxa3 a5 13.Qb1 Qe7 14.Ra2 Bb7 15.Rc1 
Rac8 16.Rac2 Ne4 17.Qb2 1/2-1/2

[Event "9th Tournament of Peace"]
[Site "Zagreb CRO"]
[Date "2023.11.23"]
[Round "2.3"]
[White "Kozul, Zdenko"]
[Black "Korobov, Anton"]
[Result "1/2-1/2"]
[WhiteElo "2531"]
[BlackElo "2667"]
[EventDate "2023.11.22"]
[PlyCount "120"]

1.d4 d5 2.c4 c6 3.Nf3 Nf6 4.Nc3 dxc4 5.a4 Bf5 6.e3 e6 7.Bxc4 Bb4 8.O-O O-O
9.Qe2 Bg6 10.Ne5 Nbd7 11.Nxg6 hxg6 12.Rd1 Qa5 13.Qc2 c5 14.Na2 cxd4 15.
Nxb4 Qxb4 16.Rxd4 Rac8 17.Qe2 Qb6 18.a5 Qc7 19.a6 e5 20.axb7 exd4 21.
bxc8=Q Rxc8 22.b3 Ne5 23.exd4 Nxc4 24.bxc4 Qxc4 25.Qxc4 Rxc4 26.Be3 Rc7 
27.Ra5 Rd7 28.Kf1 Nd5 29.Ke2 f5 30.g3 Kf7 31.h4 Nb4 32.Ra4 Rb7 33.Bd2 Re7+
34.Kf3 Nd5 35.Ra5 Rd7 36.Ke2 Ne7 37.Bc3 Nc6 38.Ra4 Ke6 39.Kd3 Kd5 40.Rc4 
Rb7 41.Rc5+ Kd6 42.Bd2 Kd7 43.Bf4 Rb3+ 44.Kd2 Rb7 45.Kc3 a6 46.d5 Ne7 47.
Kc4 Ra7 48.Be5 a5 49.Kb5 Nc8 50.Rc6 Ne7 51.Rc5 Nc8 52.Ka4 Nb6+ 53.Ka3 Ke8 
54.f4 Rd7 55.d6 Kf7 56.Rc6 Nd5 57.Ra6 Nf6 58.Kb3 Ne4 59.Kc4 Ke6 60.Kd4 
Nxd6 1/2-1/2

[Event "9th Tournament of Peace"]
[Site "Zagreb CRO"]
[Date "2023.11.23"]
[Round "2.5"]
[White "Cheparinov, Ivan"]
[Black "Sokolov, Ivan"]
[Result "0-1"]
[WhiteElo "2649"]
[BlackElo "2588"]
[EventDate "2023.11.22"]
[PlyCount "46"]

1.e4 e5 2.Nf3 Nc6 3.Bb5 a6 4.Ba4 Nf6 5.O-O Be7 6.Re1 b5 7.Bb3 O-O 8.h3 Bb7
9.d3 d6 10.a3 Nb8 11.Nbd2 c5 12.Nf1 Nbd7 13.Ne3 c4 14.Ba2 Rc8 15.Qe2 Nc5 
16.dxc4 Bxe4 17.cxb5 axb5 18.Ng5 Bc6 19.Nf5 h6 20.Nf3 Qd7 21.N3d4 Bd8 22.
Nxc6 Qxf5 23.Qxb5 Qd7 0-1

[Event "9th Tournament of Peace"]
[Site "Zagreb CRO"]
[Date "2023.11.24"]
[Round "3.1"]
[White "Sokolov, Ivan"]
[Black "Stevic, Hrvoje"]
[Result "1/2-1/2"]
[WhiteElo "2588"]
[BlackElo "2549"]
[EventDate "2023.11.22"]
[PlyCount "49"]

1.d4 d5 2.Nf3 Nf6 3.c4 c6 4.Nc3 dxc4 5.a4 Bf5 6.e3 e6 7.Bxc4 Bb4 8.O-O O-O
9.Qe2 Bg6 10.Ne5 Nbd7 11.Nxg6 hxg6 12.Rd1 Qc7 13.h3 Rad8 14.Qc2 c5 15.Bd2 
Qa5 16.Ne2 Bxd2 17.Qxd2 Qxd2 18.Rxd2 Ne5 19.Rc2 cxd4 20.Nxd4 Nxc4 21.Rxc4 
Rd7 22.Kf1 Rfd8 23.Ke2 Kf8 24.b4 Nd5 25.Nb3 1/2-1/2

[Event "9th Tournament of Peace"]
[Site "Zagreb CRO"]
[Date "2023.11.24"]
[Round "3.2"]
[White "Brkic, Ante"]
[Black "Cheparinov, Ivan"]
[Result "1/2-1/2"]
[WhiteElo "2622"]
[BlackElo "2649"]
[EventDate "2023.11.22"]
[PlyCount "59"]

1.e4 e5 2.Nf3 Nc6 3.Nc3 Nf6 4.d4 exd4 5.Nxd4 Bb4 6.Nxc6 bxc6 7.Bd3 d5 8.
exd5 cxd5 9.O-O O-O 10.h3 c6 11.Qf3 Bd6 12.Bg5 h6 13.Bxf6 Qxf6 14.Qxf6 
gxf6 15.Ne2 Rb8 16.b3 Re8 17.Ng3 Be6 18.Nf5 Bxf5 19.Bxf5 Re5 20.Bd3 Kg7 
21.Rad1 Bb4 22.g3 a5 23.a4 Rbe8 24.Kg2 Re1 25.Rfxe1 Rxe1 26.Rxe1 Bxe1 27.
Bf5 c5 28.Kf3 d4 29.Ke2 Bb4 30.g4 1/2-1/2

[Event "9th Tournament of Peace"]
[Site "Zagreb CRO"]
[Date "2023.11.24"]
[Round "3.3"]
[White "Korobov, Anton"]
[Black "Zelcic, Robert"]
[Result "1/2-1/2"]
[WhiteElo "2667"]
[BlackElo "2478"]
[EventDate "2023.11.22"]
[PlyCount "63"]

1.d4 Nf6 2.Nf3 d5 3.Bf4 e6 4.e3 Bd6 5.Nbd2 O-O 6.Bd3 Bxf4 7.exf4 Qd6 8.g3 
b6 9.Qe2 a5 10.O-O Ba6 11.Rfe1 c5 12.Bxa6 Nxa6 13.c3 cxd4 14.Nxd4 a4 15.f5
Nc5 16.fxe6 fxe6 17.Rad1 Rae8 18.Nb5 Qe7 19.c4 Nfe4 20.Rf1 Nxd2 21.Rxd2 
Ne4 22.Rc2 Rc8 23.Kg2 Qd7 24.f3 Rxc4 25.Rxc4 dxc4 26.Na3 Qd2 27.Rf2 Qxe2 
28.Rxe2 Nd6 29.Rd2 Nf5 30.Nxc4 b5 31.Ne5 Rc8 32.Kf2 1/2-1/2

[Event "9th Tournament of Peace"]
[Site "Zagreb CRO"]
[Date "2023.11.24"]
[Round "3.4"]
[White "Motylev, Alexander"]
[Black "Kozul, Zdenko"]
[Result "1-0"]
[WhiteElo "2619"]
[BlackElo "2531"]
[EventDate "2023.11.22"]
[PlyCount "67"]

1.e4 c5 2.Nf3 d6 3.d4 cxd4 4.Nxd4 Nf6 5.Nc3 Nc6 6.Bg5 e6 7.Qd2 a6 8.O-O-O 
Bd7 9.Kb1 Be7 10.f3 Nxd4 11.Qxd4 O-O 12.Qd2 Ne8 13.h4 Rc8 14.Bd3 b5 15.Ne2
f6 16.Be3 a5 17.g4 b4 18.g5 e5 19.g6 f5 20.exf5 d5 21.f4 d4 22.Bg1 Bxf5 
23.gxh7+ Kh8 24.fxe5 Bxd3 25.Qxd3 Nc7 26.Nxd4 Qd5 27.Be3 Bc5 28.h5 Qxe5 
29.h6 g5 30.Qg6 Qf6 31.Qxf6+ Rxf6 32.Bxg5 Rg6 33.Bc1 Rg2 34.Nf3 1-0

[Event "9th Tournament of Peace"]
[Site "Zagreb CRO"]
[Date "2023.11.24"]
[Round "3.5"]
[White "Niemann, Hans Moke"]
[Black "Ivanchuk, Vasyl"]
[Result "1-0"]
[WhiteElo "2659"]
[BlackElo "2653"]
[EventDate "2023.11.22"]
[PlyCount "83"]

1.e4 e5 2.Nf3 Nf6 3.Nxe5 d6 4.Nf3 Nxe4 5.d4 d5 6.Bd3 Nc6 7.O-O Be7 8.Nbd2 
Nxd2 9.Bxd2 Bg4 10.c3 O-O 11.h3 Bh5 12.g3 Qd7 13.Kg2 Bg6 14.Bf4 Bxd3 15.
Qxd3 Bd6 16.Ng5 g6 17.Bxd6 Qxd6 18.Rae1 Rae8 19.h4 Nd8 20.h5 Ne6 21.Nf3 c6
22.Rh1 g5 23.Ne5 h6 24.Qf5 Ng7 25.Qd7 Qxd7 26.Nxd7 Rxe1 27.Nf6+ Kh8 28.
Rxe1 Ne6 29.Re5 a5 30.Ng4 Kh7 31.Rf5 Kg7 32.Rf6 Rh8 33.a4 b6 34.f4 gxf4 
35.gxf4 Rc8 36.f5 Ng5 37.Rxh6 Ne4 38.Kf3 Rc7 39.Kf4 Nd2 40.Rd6 Nc4 41.h6+ 
Kh7 42.Rd8 1-0

[Event "9th Tournament of Peace"]
[Site "Zagreb CRO"]
[Date "2023.11.25"]
[Round "4.1"]
[White "Stevic, Hrvoje"]
[Black "Ivanchuk, Vasyl"]
[Result "1/2-1/2"]
[WhiteElo "2549"]
[BlackElo "2653"]
[EventDate "2023.11.22"]
[PlyCount "63"]

1.e4 e6 2.d4 d5 3.e5 c5 4.c3 Nc6 5.Nf3 Qb6 6.a3 c4 7.Nbd2 Na5 8.Rb1 Bd7 9.
h4 h6 10.b4 cxb3 11.Nxb3 Ba4 12.Nfd2 Qc7 13.Qf3 Nxb3 14.Nxb3 b6 15.h5 Ne7 
16.Bd3 a6 17.Nd2 Nc6 18.Rh4 Be7 19.Rg4 b5 20.Nf1 Rc8 21.Qg3 Na5 22.Rxg7 
Qxc3+ 23.Bd2 Qxa3 24.Bxa5 Rc1+ 25.Ke2 Bd1+ 26.Kd2 Qxa5+ 27.Kxc1 Qe1 28.Bc2
Bf3+ 29.Kb2 Qb4+ 30.Kc1 Qe1+ 31.Kb2 Qb4+ 32.Kc1 1/2-1/2

[Event "9th Tournament of Peace"]
[Site "Zagreb CRO"]
[Date "2023.11.25"]
[Round "4.2"]
[White "Kozul, Zdenko"]
[Black "Niemann, Hans Moke"]
[Result "0-1"]
[WhiteElo "2531"]
[BlackElo "2659"]
[EventDate "2023.11.22"]
[PlyCount "72"]

1.d4 Nf6 2.c4 e6 3.g3 c5 4.d5 exd5 5.cxd5 d6 6.Nc3 g6 7.Bg2 Bg7 8.Nf3 O-O 
9.O-O Re8 10.Nd2 a6 11.a4 Nbd7 12.a5 b5 13.axb6 Nxb6 14.Nb3 Bf5 15.Na5 Ne4
16.Ra3 Qd7 17.Bd2 h5 18.h4 Rab8 19.Bf4 Rbc8 20.f3 Bd4+ 21.Kh2 Nxc3 22.bxc3
Be3 23.Bxe3 Rxe3 24.Rb3 Qa4 25.Rxb6 Qxa5 26.Rxd6 Qxc3 27.Rxa6 c4 28.Rc6 
Qb2 29.Rxc8+ Bxc8 30.Qa1 c3 31.Qa8 Rxe2 32.Qxc8+ Kg7 33.Qh3 c2 34.g4 Rd2 
35.f4 Rd1 36.Rf2 Qd4 0-1

[Event "9th Tournament of Peace"]
[Site "Zagreb CRO"]
[Date "2023.11.25"]
[Round "4.3"]
[White "Zelcic, Robert"]
[Black "Motylev, Alexander"]
[Result "1/2-1/2"]
[WhiteElo "2478"]
[BlackElo "2619"]
[EventDate "2023.11.22"]
[PlyCount "120"]

1.e4 c5 2.Nf3 d6 3.d4 cxd4 4.Nxd4 Nf6 5.Nc3 a6 6.Be2 e5 7.Nf3 h6 8.Nd2 b5 
9.a4 b4 10.Nd5 Nxd5 11.exd5 Be7 12.a5 Nd7 13.Nc4 O-O 14.O-O Rb8 15.Be3 f5 
16.f3 Qe8 17.Ba7 Rb7 18.Bf2 Rb8 19.b3 Qg6 20.Ra4 e4 21.fxe4 fxe4 22.Ba7 
Rb7 23.Rxf8+ Nxf8 24.Bh5 Qf5 25.Bb6 Ng6 26.Ne3 Qg5 27.Rxb4 Nf4 28.Bg4 Nxg2
29.Kxg2 h5 30.Rxe4 hxg4 31.Qf1 Qg6 32.Qc4 Kh7 33.Rxe7 Rxe7 34.Qxc8 Rxe3 
35.Bxe3 Qe4+ 36.Kf1 Qxe3 37.Qf5+ g6 38.Qd3 Qc5 39.Qd2 Qc8 40.Kg2 Qf5 41.
Qd3 Qf4 42.c3 Kh6 43.b4 Kh5 44.c4 Qe5 45.c5 Qb2+ 46.Kg1 Qc1+ 47.Qf1 Qe3+ 
48.Qf2 Qd3 49.Qf4 Qb1+ 50.Kf2 Qa2+ 51.Ke1 Qxd5 52.cxd6 g5 53.Qf6 Qh1+ 54.
Qf1 Qe4+ 55.Qe2 Qxb4+ 56.Qd2 Qe4+ 57.Kf2 Qf5+ 58.Kg1 Qb1+ 59.Kf2 Qf5+ 60.
Kg2 Qe4+ 1/2-1/2

[Event "9th Tournament of Peace"]
[Site "Zagreb CRO"]
[Date "2023.11.25"]
[Round "4.4"]
[White "Cheparinov, Ivan"]
[Black "Korobov, Anton"]
[Result "0-1"]
[WhiteElo "2649"]
[BlackElo "2667"]
[EventDate "2023.11.22"]
[PlyCount "60"]

1.e4 e6 2.d4 d5 3.e5 c5 4.c3 Nc6 5.Nf3 Bd7 6.Be2 Nge7 7.O-O Nf5 8.dxc5 
Bxc5 9.b4 Bb6 10.Bd3 Nh4 11.Re1 Ng6 12.Nbd2 Bc7 13.Bxg6 hxg6 14.c4 Nxb4 
15.Qb3 a5 16.cxd5 Nxd5 17.Ne4 Bc6 18.Ba3 Nb4 19.Rad1 Qe7 20.Nd6+ Kf8 21.
Re3 Rh5 22.Bxb4 axb4 23.Qxb4 Rxa2 24.Qb3 Ra8 25.h3 Kg8 26.Qb2 Rd8 27.Nd4 
Rxd6 28.exd6 Qxd6 29.Rc1 Qh2+ 30.Kf1 Qxg2+ 0-1

[Event "9th Tournament of Peace"]
[Site "Zagreb CRO"]
[Date "2023.11.25"]
[Round "4.5"]
[White "Sokolov, Ivan"]
[Black "Brkic, Ante"]
[Result "0-1"]
[WhiteElo "2588"]
[BlackElo "2622"]
[EventDate "2023.11.22"]
[PlyCount "66"]

1.d4 Nf6 2.c4 e6 3.Nc3 Bb4 4.e3 O-O 5.Bd3 d5 6.a3 Bxc3+ 7.bxc3 dxc4 8.Bxc4
c5 9.Ne2 Qc7 10.Ba2 b6 11.O-O Ba6 12.Re1 Nc6 13.Ng3 Rfd8 14.Rb1 Rac8 15.
Rb2 Rd7 16.h3 h6 17.Rd2 Qd8 18.f4 Na5 19.f5 Bc4 20.fxe6 Bxe6 21.Bxe6 fxe6 
22.Rf2 cxd4 23.exd4 Rxc3 24.Nh5 Nxh5 25.Qxh5 Rc8 26.Qg4 Nc6 27.Bxh6 Nxd4 
28.Bg5 Qc7 29.Re4 e5 30.Bf6 Rf8 31.Qg6 Rd6 32.Rg4 Rf7 33.Qe4 Rdxf6 0-1

[Event "9th Tournament of Peace"]
[Site "Zagreb CRO"]
[Date "2023.11.26"]
[Round "5.1"]
[White "Brkic, Ante"]
[Black "Stevic, Hrvoje"]
[Result "1/2-1/2"]
[WhiteElo "2622"]
[BlackElo "2549"]
[EventDate "2023.11.22"]
[PlyCount "55"]

1.e4 e5 2.Nf3 Nc6 3.Bc4 Bc5 4.c3 Nf6 5.d4 exd4 6.e5 d5 7.Bb5 Ne4 8.cxd4 
Bb6 9.Nc3 O-O 10.Be3 Bg4 11.h3 Bh5 12.Qc2 Bg6 13.Qb3 Ne7 14.O-O c6 15.Bd3 
Nf5 16.Qc2 Nxc3 17.bxc3 Nxe3 18.fxe3 Bxd3 19.Qxd3 f6 20.c4 fxe5 21.Nxe5 
Qd6 22.Rab1 c5 23.Rxf8+ Rxf8 24.cxd5 cxd4 25.Nc4 Qxd5 26.Nxb6 axb6 27.Qxd4
Qxa2 28.Rxb6 1/2-1/2

[Event "9th Tournament of Peace"]
[Site "Zagreb CRO"]
[Date "2023.11.26"]
[Round "5.2"]
[White "Korobov, Anton"]
[Black "Sokolov, Ivan"]
[Result "1/2-1/2"]
[WhiteElo "2667"]
[BlackElo "2588"]
[EventDate "2023.11.22"]
[PlyCount "43"]

1.d4 d5 2.c4 dxc4 3.Nf3 Nf6 4.e3 e6 5.Bxc4 a6 6.Nc3 b5 7.Bb3 Bb7 8.O-O Be7
9.Qe2 c5 10.Rd1 Nc6 11.dxc5 Qc7 12.e4 Bxc5 13.Bg5 O-O 14.Rac1 Ne5 15.Nd5 
Nxf3+ 16.Qxf3 exd5 17.Bxf6 gxf6 18.Qxf6 Qb6 19.Qg5+ Kh8 20.Rxc5 Qxc5 21.
Qf6+ Kg8 22.Qg5+ 1/2-1/2

[Event "9th Tournament of Peace"]
[Site "Zagreb CRO"]
[Date "2023.11.26"]
[Round "5.3"]
[White "Motylev, Alexander"]
[Black "Cheparinov, Ivan"]
[Result "1/2-1/2"]
[WhiteElo "2619"]
[BlackElo "2649"]
[EventDate "2023.11.22"]
[PlyCount "43"]

1.e4 e5 2.Nf3 Nc6 3.Nc3 Nf6 4.Bb5 Nd4 5.Bc4 Bc5 6.d3 d6 7.Na4 b5 8.Nxd4 
bxc4 9.Nf5 Bxf5 10.exf5 cxd3 11.Nxc5 dxc5 12.Qxd3 Qxd3 13.cxd3 O-O-O 14.
Ke2 Nd5 15.Rd1 Rd6 16.Be3 Nf4+ 17.Bxf4 exf4 18.Rac1 Re8+ 19.Kf3 Re5 20.Rc4
Rxf5 21.Rxf4 Rxf4+ 22.Kxf4 1/2-1/2

[Event "9th Tournament of Peace"]
[Site "Zagreb CRO"]
[Date "2023.11.26"]
[Round "5.4"]
[White "Niemann, Hans Moke"]
[Black "Zelcic, Robert"]
[Result "1-0"]
[WhiteElo "2659"]
[BlackElo "2478"]
[EventDate "2023.11.22"]
[PlyCount "91"]

1.e4 c6 2.d4 d5 3.e5 c5 4.Nf3 Nc6 5.dxc5 e6 6.Be3 Nh6 7.c3 Nf5 8.Bd4 Bd7 
9.Bb5 Nxe5 10.Nxe5 Bxb5 11.a4 Bd7 12.a5 a6 13.O-O Be7 14.Nxd7 Qxd7 15.b4 
O-O 16.Nd2 Bd8 17.Be5 f6 18.Bg3 Nxg3 19.hxg3 Bc7 20.Nc4 Rad8 21.Nb6 Qc6 
22.Re1 h6 23.Qd3 e5 24.Red1 Bxb6 25.axb6 Rd7 26.Qf5 Re8 27.Rd2 Red8 28.f4 
e4 29.Rd4 Kf7 30.Qh5+ Kf8 31.g4 Qe6 32.Rad1 e3 33.Qf5 Qe7 34.Re1 a5 35.g5 
axb4 36.gxh6 bxc3 37.h7 Kf7 38.Qh5+ g6 39.h8=N+ Kg7 40.Nxg6 Qxc5 41.Nh4 
Kg8 42.Nf5 c2 43.Qg6+ Kh8 44.Qxf6+ Kg8 45.Qg6+ Kf8 46.Nh6 1-0

[Event "9th Tournament of Peace"]
[Site "Zagreb CRO"]
[Date "2023.11.26"]
[Round "5.5"]
[White "Ivanchuk, Vasyl"]
[Black "Kozul, Zdenko"]
[Result "1/2-1/2"]
[WhiteElo "2653"]
[BlackElo "2531"]
[EventDate "2023.11.22"]
[PlyCount "29"]

1.e4 c5 2.Nf3 d6 3.d4 cxd4 4.Nxd4 Nf6 5.Nc3 Nc6 6.Bg5 e6 7.Qd2 Qb6 8.Nb3 
Be7 9.O-O-O O-O 10.h4 a6 11.h5 h6 12.Bf4 Ne5 13.Be2 Qc7 14.Rh3 Kh8 15.Rg3 
1/2-1/2

[Event "9th Tournament of Peace"]
[Site "Zagreb CRO"]
[Date "2023.11.27"]
[Round "6.1"]
[White "Stevic, Hrvoje"]
[Black "Kozul, Zdenko"]
[Result "1/2-1/2"]
[WhiteElo "2549"]
[BlackElo "2531"]
[EventDate "2023.11.22"]
[PlyCount "25"]

1.Nf3 Nf6 2.g3 g6 3.Bg2 Bg7 4.O-O O-O 5.c4 c5 6.Nc3 Nc6 7.d3 d6 8.a3 a6 9.
Rb1 Rb8 10.b4 cxb4 11.axb4 b5 12.cxb5 axb5 13.Bd2 1/2-1/2

[Event "9th Tournament of Peace"]
[Site "Zagreb CRO"]
[Date "2023.11.27"]
[Round "6.2"]
[White "Zelcic, Robert"]
[Black "Ivanchuk, Vasyl"]
[Result "0-1"]
[WhiteElo "2478"]
[BlackElo "2653"]
[EventDate "2023.11.22"]
[PlyCount "74"]

1.e4 e6 2.d4 d5 3.Nd2 c5 4.exd5 Qxd5 5.Ngf3 cxd4 6.Bc4 Qd6 7.O-O Nf6 8.Nb3
Nc6 9.Nbxd4 Nxd4 10.Nxd4 a6 11.Re1 Qc7 12.Bd3 Bd6 13.Nf5 Bxh2+ 14.Kh1 Kf8 
15.g3 exf5 16.Kxh2 h5 17.Bf4 Qb6 18.Kg1 Be6 19.Bg5 Rc8 20.Qf3 Ne4 21.Bxe4 
fxe4 22.Qxe4 Qxb2 23.Rab1 Qxc2 24.Qxc2 Rxc2 25.Rxb7 Kg8 26.a3 Kh7 27.Ra7 
Rc6 28.Rc1 Rxc1+ 29.Bxc1 Rd8 30.Bg5 Rd1+ 31.Kh2 Bd5 32.g4 Rh1+ 33.Kg3 Rg1+
34.Kh3 Kg6 35.Be3 hxg4+ 36.Kh4 Kf5 37.f4 Rh1+ 0-1

[Event "9th Tournament of Peace"]
[Site "Zagreb CRO"]
[Date "2023.11.27"]
[Round "6.3"]
[White "Cheparinov, Ivan"]
[Black "Niemann, Hans Moke"]
[Result "0-1"]
[WhiteElo "2649"]
[BlackElo "2659"]
[EventDate "2023.11.22"]
[PlyCount "50"]

1.c4 Nf6 2.Nc3 e5 3.Nf3 Nc6 4.g3 Bb4 5.Nd5 e4 6.Nh4 O-O 7.a3 Bc5 8.Bg2 d6 
9.O-O Re8 10.d3 exd3 11.Qxd3 Ne5 12.Qc2 c6 13.Nc3 Nxc4 14.Na4 Be6 15.Rd1 
Bxf2+ 16.Kxf2 Ng4+ 17.Ke1 b5 18.Rd4 Nce3 19.Bxe3 Nxe3 20.Qc3 Bd5 21.Be4 
Bxe4 22.Qxe3 Bd5 23.Qd2 bxa4 24.Rxa4 Re5 25.Rd4 g5 0-1

[Event "9th Tournament of Peace"]
[Site "Zagreb CRO"]
[Date "2023.11.27"]
[Round "6.4"]
[White "Sokolov, Ivan"]
[Black "Motylev, Alexander"]
[Result "1/2-1/2"]
[WhiteElo "2588"]
[BlackElo "2619"]
[EventDate "2023.11.22"]
[PlyCount "53"]

1.d4 d5 2.c4 c6 3.Nf3 Nf6 4.Nc3 e6 5.g3 dxc4 6.Bg2 b5 7.Ne5 a6 8.O-O Bb7 
9.Qc2 Qxd4 10.Bf4 Be7 11.Ne4 Nd5 12.Rad1 Qb6 13.h4 c5 14.Ng5 Bxg5 15.hxg5 
Nxf4 16.gxf4 Bxg2 17.Kxg2 f6 18.gxf6 gxf6 19.Kh2 fxe5 20.Qe4 Qc6 21.Qxe5 
Rg8 22.Rg1 Rxg1 23.Qh8+ Ke7 24.Qxh7+ Ke8 25.Qh8+ Ke7 26.Qh7+ Ke8 27.Qh8+ 
1/2-1/2

[Event "9th Tournament of Peace"]
[Site "Zagreb CRO"]
[Date "2023.11.27"]
[Round "6.5"]
[White "Brkic, Ante"]
[Black "Korobov, Anton"]
[Result "1/2-1/2"]
[WhiteElo "2622"]
[BlackElo "2667"]
[EventDate "2023.11.22"]
[PlyCount "85"]

1.e4 e6 2.d4 d5 3.Nc3 Nf6 4.e5 Nfd7 5.f4 c5 6.Nf3 Nc6 7.Be3 Be7 8.a3 O-O 
9.dxc5 Nxc5 10.Be2 Nd7 11.Qd2 a6 12.O-O b5 13.Nd4 Nxd4 14.Bxd4 Nb8 15.Bd3 
Nc6 16.Ne2 Nxd4 17.Nxd4 f5 18.exf6 Bc5 19.c3 gxf6 20.Kh1 Qd6 21.Rad1 Re8 
22.Bc2 Bb7 23.Rf3 Re7 24.Qe1 Rf8 25.Qh4 Bc8 26.b4 Bxd4 27.cxd4 Rc7 28.Qh6 
Rff7 29.Bd3 Qf8 30.Rg3+ Kh8 31.Qh4 Bd7 32.Re1 a5 33.bxa5 Ra7 34.Rg6 f5 35.
Re3 Rxa5 36.Reg3 Rxa3 37.Rg8+ Qxg8 38.Rxg8+ Kxg8 39.Qg5+ Kf8 40.Qd8+ Kg7 
41.Qg5+ Kf8 42.Qd8+ Kg7 43.Qg5+ 1/2-1/2

[Event "9th Tournament of Peace"]
[Site "Zagreb CRO"]
[Date "2023.11.28"]
[Round "7.1"]
[White "Korobov, Anton"]
[Black "Stevic, Hrvoje"]
[Result "1-0"]
[WhiteElo "2667"]
[BlackElo "2549"]
[EventDate "2023.11.22"]
[PlyCount "77"]

1.c4 e5 2.g3 Nc6 3.Bg2 g6 4.Nc3 Bg7 5.e3 d6 6.Nge2 Nge7 7.d3 O-O 8.O-O Bg4
9.b4 Qd7 10.b5 Nd8 11.a4 Bh3 12.Bxh3 Qxh3 13.a5 a6 14.b6 c5 15.Nd5 Ndc6 
16.Nec3 Nxd5 17.Nxd5 Qd7 18.Ra2 f5 19.f4 Rae8 20.Qa4 e4 21.Rd1 exd3 22.
Rxd3 Re4 23.Bb2 Bxb2 24.Rxb2 Qf7 25.Kf2 Rd8 26.h3 Kf8 27.Rbd2 Qe6 28.Nc7 
Qf7 29.Rxd6 Rxd6 30.Rxd6 Rxc4 31.Qd1 Re4 32.Qa1 Ke7 33.Rd5 Nb4 34.Rd2 Qf8 
35.Qd1 Qc8 36.Qc1 Kf7 37.Qxc5 Nc6 38.g4 Ne7 39.Nxa6 1-0

[Event "9th Tournament of Peace"]
[Site "Zagreb CRO"]
[Date "2023.11.28"]
[Round "7.2"]
[White "Motylev, Alexander"]
[Black "Brkic, Ante"]
[Result "1/2-1/2"]
[WhiteElo "2619"]
[BlackElo "2622"]
[EventDate "2023.11.22"]
[PlyCount "21"]

1.e4 c5 2.c3 Nf6 3.e5 Nd5 4.Bc4 Nb6 5.Bb3 d6 6.exd6 Qxd6 7.Na3 a6 8.Ne2 
Nc6 9.O-O Bg4 10.h3 Bh5 11.Qe1 1/2-1/2